|
|
|
|
| LEADER |
01618nam a2200457 a 4500 |
| 001 |
nkc20061639224 |
| 003 |
CZ PrNK |
| 005 |
20210906113820.0 |
| 007 |
ta |
| 008 |
060120s2006 xr f 000 0 cze |
| 015 |
|
|
|a cnb001639224
|
| 020 |
|
|
|a 80-7298-167-6
|q (brož.)
|
| 035 |
|
|
|a (OCoLC)85718132
|
| 040 |
|
|
|a ABA001
|b cze
|
| 041 |
1 |
|
|a cze
|a ger
|h ger
|
| 072 |
|
7 |
|a 11
|x Metafyzika
|2 Konspekt
|9 5
|
| 080 |
|
|
|a 11
|2 MRF
|
| 080 |
|
|
|a (042.3)
|2 MRF
|
| 080 |
|
|
|a (0.027)=030
|2 MRF
|
| 100 |
1 |
|
|a Heidegger, Martin,
|d 1889-1976
|7 jn19990009594
|4 aut
|
| 245 |
1 |
0 |
|a Co je metafyzika? :
|b německo-česky /
|c Martin Heidegger ; přeložil Ivan Chvatík
|
| 250 |
|
|
|a 2., opr. vyd.
|
| 260 |
|
|
|a Praha :
|b OIKOYMENH,
|c 2006
|
| 300 |
|
|
|a 95 s. ;
|c 21 cm
|
| 490 |
1 |
|
|a Knihovna novověké tradice a současnosti ;
|v sv. 55
|
| 504 |
|
|
|a Obsahuje bibliografické odkazy
|
| 546 |
|
|
|a Souběžný německý text
|
| 650 |
0 |
7 |
|a metafyzika
|7 ph115266
|2 czenas
|
| 650 |
0 |
9 |
|a metaphysics
|2 eczenas
|
| 655 |
|
7 |
|a přednášky
|7 fd133199
|2 czenas
|
| 655 |
|
7 |
|a dvojjazyčná vydání
|7 fd194533
|2 czenas
|
| 655 |
|
9 |
|a lectures
|2 eczenas
|
| 655 |
|
9 |
|a bilingual editions
|2 eczenas
|
| 700 |
1 |
|
|a Chvatík, Ivan,
|d 1941-
|7 jn20000400408
|4 trl
|
| 830 |
|
0 |
|a Knihovna novověké tradice a současnosti
|0 s
|
| 856 |
4 |
1 |
|u http://www.digitalniknihovna.cz/mzk/uuid/uuid:cac96b50-9376-11e5-ac67-005056827e51
|y Digitalizovaný dokument
|x NDK
|
| 910 |
2 |
|
|a BOA001
|b 2-1171.060
|
| 990 |
|
|
|a BK
|
| 995 |
|
|
|a 01
|
| 991 |
|
|
|b 200607
|c NOV
|
| 996 |
6 |
|
|b 2610283998
|c 2-1171.060
|l MZK
|r Sklad / do 1 hodiny
|n 6
|p p.v.
|w 000820937
|u 000010
|a 1
|e BOA001
|j MZK50
|s P
|